Una guerra contra la pobreza. Voluntarios Del Cuerpo De Paz, interacciones y desarrollo comunitario en Sudamérica en los años sesenta.

-д хадгалсан:
Номзүйн дэлгэрэнгүй
Үндсэн зохиолч: Purcell, Fernando (autor)
Формат: Үл мэдэгдэх
Хэл сонгох:англи
Хэвлэсэн: Santiago, Chile: Fondo de Cultura Económica, 2023.
Цуврал:Historia.
Нөхцлүүд:
Шошгууд: Шошго нэмэх
Шошго байхгүй, Энэхүү баримтыг шошголох эхний хүн болох!

MARC

LEADER 00000 a2200000 4500
003 CL-VaPUC
005 20231130092458.0
008 231110t2023 ||||| |||| 00| 0 eng d
999 |c 441989  |d 441987 
020 |a 978-956-289-315-2 
040 |c Pontificia Universidad Católica de Valparaíso 
082 |2 22  |a 361.6098 PUR 2023 
100 |a Purcell, Fernando   |9 884917  |e autor 
245 |a Una guerra contra la pobreza.   |b Voluntarios Del Cuerpo De Paz, interacciones y desarrollo comunitario en Sudamérica en los años sesenta.  
260 |a Santiago, Chile:   |b Fondo de Cultura Económica,   |c 2023. 
300 |a 254 páginas.  
490 |a Historia. 
583 |k GC  |c 20231110 
610 0 |9 885711  |a Cuerpos de paz  |x Voluntarios   |y 1960   |z Estados Unidos  
650 0 |9 437006  |a América Latina  |x Pobreza   |x Condiciones económicas y sociales   |y Siglo 20  
650 0 |9 338304  |a Servicios sociales   |x Voluntariado   |y Siglo 20  |z América Latina  
942 |2 ddc  |c BK 
952 |0 0  |1 0  |2 ddc  |4 0  |6 361_609800000000000_PUR_2023  |7 0  |8 A  |9 592329  |a BIBHIS  |b BIBHIS  |c GEN  |d 2023-11-08  |e 3  |g 12317.00  |i 5659356  |o 361.6098 PUR 2023  |p 5659356  |r 2025-01-20  |t 1  |v 12317.00  |w 2023-11-08  |y BK  |k HIS